000 00676nab a2200181 4500
999 _c372335
_d372335
001 90031
003 OSt
005 20230331141410.0
007 tu
008 110905s2000|||||||
040 _aDE-2950
_cDE-2950
245 0 0 _aZuschuss der Stadt für den Bunten Hering ist gesichert.
_bFinanzen. Ein abgelehnter Haushalt hat in Eisenhüttenstadt zur Stadtfest-Absage geführt. In Frankfurt liegt der Etat 2023 noch nicht mal vor - gefeiert wird aber trotzdem /
_cThomas Gutke
264 _c2023
653 _aFrankfurt (Oder)
653 _aStadtfest "Bunter Hering"
773 0 _g34. Jahrgang (2023) Nr. 74, 29.03.2023, S. 13: mit Foto
_tMärkische Oderzeitung
942 _2z
_cA